Statistiques concernant Équipe de france à la Coupe du monde 2022

Cliquez ici pour prendre le quiz!

Statistiques générales

  • Ce quiz a été pris 183 fois
  • Le résultat moyen est 24 sur 27

Statistiques - réponses

PosteClubRéponse% Correct
GardienTottenhamHugo Lloris
100%
AttaquantAtlético MadridAntoine Griezmann
98%
AttaquantParis Saint GermainKylian Mbappé
98%
AttaquantAC MilanOlivier Giroud
96%
DéfenseurAC MilanThéo Hernandez
96%
Sélectionneur=Didier Deschamps
95%
DéfenseurBayern MunichLucas Hernandez
95%
AttaquantEintracht FrancfortRandal Kolo Muani
94%
DéfenseurManchester UnitedRaphaël Varane
94%
DéfenseurBayern MunichBenjamin Pavard
93%
MilieuReal MadridEduardo Camavinga
93%
AttaquantFC BarceloneOusmane Dembélé
93%
MilieuReal MadridAurélien Tchouaméni
92%
AttaquantRéal MadridKarim Benzema
92%
MilieuJuventusAdrien Rabiot
91%
GardienWest HamAlphonse Areola
91%
GardienStade RennaisSteve Mandanda
91%
AttaquantBorussia MönchengladbachMarcus Thuram
90%
DéfenseurBayern MunichDayot Upamecano
89%
DéfenseurFC BarceloneJules Koundé
89%
AttaquantBayern MunichKingsley Coman
89%
DéfenseurLiverpoolIbrahima Konaté
85%
MilieuOlympique de MarseilleJordan Veretout
84%
MilieuOlympique de MarseilleMattéo Guendouzi
84%
DéfenseurArsenalWilliam Saliba
83%
MilieuAS MonacoYoussouf Fofana
76%
DéfenseurAS MonacoAxel Disasi
72%

Distribution des résultats

Percentile par nombre de réponses

% des personnes avec chaque résultat

Votre développement - résultats

Vous n’avez pas pris ce quiz